Základy politológie

Bibliographic Details
Main Author: Surmánek, Štefan, 1953- (Author)
Format: Book
Language:Slovak
PhysicalDescription:227 strán 24 cm
Published: V Košiciach Univerzita Pavla Jozefa Šafárika 2003
ISBN:807097530X
Edition:1. vyd.
Series:Vysokoškolské učebné texty
Subjects:

MARC

LEADER 00000cam a2200000 a 4500
001 vtls001477883
003 SK-MaSNL
005 20260302073606.0
008 240226s2003 xo ern p 000 0 slo
015 |a SNBA2004/07-04265 
020 |a 807097530X 
035 |a SNK000433183 
035 |a urn:nbn:sk:snk-am3j2uo 
035 |a 054CDE6C-540B-4671-A35C-C060C7216FB7 
035 |a urn:nbn:sk:snk-am00gg08 
040 |a SNK  |b slo  |c SNK  |e AACR2 
041 0 |a slo 
044 |a xo  |c SK 
072 7 |a 321  |x Politológia  |2 konspekt 
080 |a 321(075.8)  |2 1997 
080 |a 321  |2 2011 
080 |a (075.8)  |2 2011 
100 1 |a Surmánek, Štefan,  |d 1953-  |4 aut  |9 88172 
245 1 0 |a Základy politológie  |c Štefan Surmánek 
250 |a 1. vyd. 
260 |a V Košiciach  |b Univerzita Pavla Jozefa Šafárika  |c 2003 
300 |a 227 strán  |c 24 cm 
366 |e 200 kusov 
490 1 |a Vysokoškolské učebné texty 
504 |a Bibliografia na strane 221-223 
650 0 7 |a politológia  |2 SNKPH  |9 4684 
655 7 |a učebnice vysokých škôl  |2 SNKPH  |9 70191 
810 2 |a Univerzita Pavla Jozefa Šafárika v Košiciach.  |b Fakulta verejnej správy  |t Vysokoškolské učebné texty  |9 257487 
919 |a 80-7097-530-X 
958 |a NB 
958 |a OND 
999 |c 1161480  |d 1163410 
952 |t P60, <03>, [BOOK], {603}  |a SNK  |b SNK  |y PREZ  |7 0  |p 17A0435619  |o snkSC 116463  |i snkKSP 8839/2004  |0 0  |1 0  |4 0  |d 2004-07-07  |f 1  |l 0  |r 2025-10-16 00:00:00  |w 2026-02-24 
952 |a SNK  |b SNK  |y VYP  |7 0  |p 17A0435620  |o snkSC 116463 D1  |i snkKSP 8840/2004  |0 0  |1 0  |4 0  |d 2004-07-07  |l 0  |r 2005-01-02 00:00:00  |w 2026-02-24